[Event "DEM U10w 2018"]
[Site "Willingen GER"]
[Date "2018.05.21"]
[Round "3"]
[White "Trunz, Tamila"]
[Black "Englert, Lin"]
[Result "1-0"]
[Termination "normal"]
[Board "8"]
[WhiteElo "1046"]
[BlackElo "1316"]
[WhiteClock "01:01:31"]
[BlackClock "01:09:17"]
[PlyCount "127"]
[WhiteFideId "16267885"]
[BlackFideId "16226410"]
[EventCountry "GER"]
[EventRounds "11"]
[EventType "swiss"]
[EventDate "2018.05.19"]

1. e4 {[%clk 1:15:59]} 1... e5 {[%clk 1:15:55]} 2. Nf3 {[%clk 1:16:23]} 2...
Nc6 {[%clk 1:16:18]} 3. Bc4 {[%clk 1:16:46]} 3... Bc5 {[%clk 1:16:43]} 4. Nc3 {
[%clk 1:17:04]} 4... Nf6 {[%clk 1:17:05]} 5. d3 {[%clk 1:17:21]} 5... d6 {
[%clk 1:17:25]} 6. Bg5 {[%clk 1:17:41]} 6... Be6 {[%clk 1:15:29]} 7. Bxe6 {
[%clk 1:16:51]} 7... fxe6 {[%clk 1:15:45]} 8. O-O {[%clk 1:16:56]} 8... O-O {
[%clk 1:16:11]} 9. Ne2 {[%clk 1:16:24]} 9... h6 {[%clk 1:15:48]} 10. Bh4 {
[%clk 1:16:36]} 10... Qe8 {[%clk 1:15:42]} 11. Bxf6 {[%clk 1:16:24]} 11... Rxf6
{[%clk 1:16:06]} 12. d4 {[%clk 1:16:23]} 12... exd4 {[%clk 1:15:15]} 13. Nexd4
{[%clk 1:16:13]} 13... Nxd4 {[%clk 1:15:13]} 14. Nxd4 {[%clk 1:16:20]} 14...
Bxd4 {[%clk 1:14:35]} 15. Qxd4 {[%clk 1:16:41]} 15... Qg6 {[%clk 1:14:26]} 16.
f4 {[%clk 1:16:07]} 16... Qg4 {[%clk 1:12:26]} 17. g3 {[%clk 1:15:18]} 17... a6
{[%clk 1:11:38]} 18. Qc4 {[%clk 1:14:32]} 18... c6 19. Qb4 {[%clk 1:14:35]}
19... Raf8 {[%clk 1:07:40]} 20. Qxb7 {[%clk 1:14:38]} 20... Rxf4 { [%clk
1:07:27]} 21. Rxf4 {[%clk 1:14:01]} 21... Rxf4 {[%clk 1:07:53]} 22. Qxc6 {[%clk
1:13:46]} 22... Rxe4 {[%clk 1:08:16]} 23. Qxd6 {[%clk 1:13:09]} 23... Qe2
{[%clk 1:08:21]} 24. Qd3 {[%clk 1:12:29]} 24... Qxd3 {[%clk 1:07:52]} 25. cxd3
{[%clk 1:12:46]} 25... Re2 {[%clk 1:08:15]} 26. b3 {[%clk 1:12:40]} 26... Rd2
{[%clk 1:08:41]} 27. Re1 {[%clk 1:12:24]} 27... Kf7 {[%clk 1:09:01]} 28. Rf1+
{[%clk 1:11:37]} 28... Ke7 {[%clk 1:09:22]} 29. Rf3 {[%clk 1:11:39]} 29... Rxa2
{[%clk 1:09:37]} 30. Rf2 {[%clk 1:11:41]} 30... Ra3 {[%clk 1:09:19]} 31. Rb2
{[%clk 1:11:41]} 31... Kd6 {[%clk 1:09:00]} 32. Kf2 {[%clk 1:11:34]} 32... Kd5
{[%clk 1:09:26]} 33. Ke3 {[%clk 1:11:21]} 33... a5 {[%clk 1:05:05]} 34. d4
{[%clk 1:11:18]} 34... a4 {[%clk 1:04:51]} 35. Rd2 {[%clk 1:10:03]} 35... Rxb3+
{[%clk 1:05:09]} 36. Kf4 {[%clk 1:09:22]} 36... Rb4 {[%clk 1:04:44]} 37. Ke3 {
[%clk 1:09:16]} 37... a3 {[%clk 1:04:41]} 38. Ra2 {[%clk 1:08:23]} 38... Rb3+ {
[%clk 1:05:03]} 39. Kf4 {[%clk 1:07:46]} 39... Kxd4 {[%clk 1:05:12]} 40. g4 {
[%clk 1:07:22]} 40... g6 {[%clk 1:05:00]} 41. g5 {[%clk 1:07:23]} 41... h5 {
[%clk 1:05:20]} 42. Rd2+ {[%clk 1:07:14]} 42... Rd3 {[%clk 1:05:40]} 43. Re2 {
[%clk 1:06:10]} 43... Kd5 {[%clk 1:05:47]} 44. Re5+ {[%clk 1:05:30]} 44... Kd6
{[%clk 1:06:05]} 45. Ra5 {[%clk 1:04:48]} 45... Rc3 {[%clk 1:06:09]} 46. Ra6+ {
[%clk 1:04:52]} 46... Kd5 {[%clk 1:04:16]} 47. Ra5+ {[%clk 1:04:52]} 47... Kd4
{[%clk 1:03:40]} 48. Ra4+ {[%clk 1:05:03]} 48... Rc4 {[%clk 1:03:50]} 49. Rxa3
{[%clk 1:05:06]} 49... e5+ {[%clk 1:04:15]} 50. Kf3 {[%clk 1:05:03]} 50... Rc3+
{[%clk 1:04:42]} 51. Rxc3 {[%clk 1:04:57]} 51... Kxc3 {[%clk 1:05:01]} 52. Ke4
{[%clk 1:05:15]} 52... Kd2 {[%clk 1:05:29]} 53. Kxe5 {[%clk 1:05:22]} 53... h4
{[%clk 1:05:53]} 54. Kf6 {[%clk 1:05:23]} 54... Ke2 {[%clk 1:06:20]} 55. Kxg6 {
[%clk 1:05:23]} 55... Kf2 {[%clk 1:06:47]} 56. Kh5 {[%clk 1:04:56]} 56... h3 {
[%clk 1:07:14]} 57. g6 {[%clk 1:04:43]} 57... Kg2 {[%clk 1:07:41]} 58. g7 {
[%clk 1:03:43]} 58... Kxh2 {[%clk 1:08:08]} 59. g8=Q {[%clk 1:03:33]} 59... Kh1
{[%clk 1:08:36]} 60. Qa2 {[%clk 1:02:40]} 60... h2 {[%clk 1:09:00]} 61. Kg4 {
[%clk 1:02:05]} 61... Kg1 {[%clk 1:09:25]} 62. Kg3 {[%clk 1:01:46]} 62... h1=N+
{[%clk 1:08:52]} 63. Kf3 {[%clk 1:01:29]} 63... Nf2 {[%clk 1:09:17]} 64. Qxf2+
{[%clk 1:01:31]} 1-0

[Event "DEM U10w 2018"]
[Site "Willingen GER"]
[Date "2018.05.21"]
[Round "3"]
[White "Khanbekyan, Nare"]
[Black "Bone, Annalena"]
[Result "1-0"]
[Termination "normal"]
[Board "9"]
[WhiteElo "1123"]
[BlackElo "990"]
[WhiteClock "00:22:15"]
[BlackClock "00:28:19"]
[PlyCount "83"]
[WhiteFideId "16270916"]
[BlackFideId "16284453"]
[EventCountry "GER"]
[EventRounds "11"]
[EventType "swiss"]
[EventDate "2018.05.19"]

1. e4 {[%clk 1:15:56]} 1... e5 {[%clk 1:15:54]} 2. Nf3 {[%clk 1:16:19]} 2...
Nc6 {[%clk 1:16:17]} 3. Bc4 {[%clk 1:16:43]} 3... Bc5 {[%clk 1:16:38]} 4. c3 {
[%clk 1:17:01]} 4... d6 {[%clk 1:16:06]} 5. d3 {[%clk 1:17:18]} 5... Bg4 {
[%clk 1:15:50]} 6. O-O {[%clk 1:17:32]} 6... h6 {[%clk 1:16:02]} 7. a4 { [%clk
1:17:36]} 7... Nf6 {[%clk 1:15:29]} 8. b4 {[%clk 1:17:59]} 8... Nd4 { [%clk
1:14:09]} 9. bxc5 {[%clk 1:16:20]} 9... Nxf3+ {[%clk 1:14:20]} 10. gxf3 Bh3 11.
Re1 {[%clk 1:15:38]} 11... dxc5 {[%clk 1:13:43]} 12. Kh1 { [%clk 1:15:39]}
12... O-O {[%clk 1:12:38]} 13. f4 {[%clk 1:14:48]} 13... exf4 { [%clk 1:09:21]}
14. Bxf4 {[%clk 1:12:40]} 14... Ng4 {[%clk 1:09:15]} 15. Qf3 { [%clk 1:10:34]}
15... Qh4 {[%clk 1:05:46]} 16. Bg3 {[%clk 1:05:18]} 16... Qh5 { [%clk 1:04:51]}
17. Na3 {[%clk 1:02:06]} 17... Kh8 {[%clk 1:02:19]} 18. Nc2 { [%clk 1:01:16]}
18... f5 {[%clk 1:01:18]} 19. Ne3 {[%clk 0:52:21]} 19... fxe4 { [%clk 1:00:41]}
20. Qxe4 {[%clk 0:49:29]} 20... Rxf2 {[%clk 0:59:40]} 21. Nxg4 {[%clk 0:44:49]}
21... Bg2+ {[%clk 0:59:11]} 22. Qxg2 {[%clk 0:44:46]} 22... Rxg2 {[%clk
0:59:14]} 23. Kxg2 {[%clk 0:44:46]} 23... Qxg4 {[%clk 0:58:19]} 24. Re4 {[%clk
0:44:32]} 24... Qg5 {[%clk 0:55:31]} 25. Rf1 {[%clk 0:42:39]} 25... Qd2+ {[%clk
0:55:08]} 26. Rf2 {[%clk 0:42:46]} 26... Qxc3 {[%clk 0:53:25]} 27. Bxc7 {[%clk
0:42:56]} 27... Rc8 {[%clk 0:51:53]} 28. Be5 {[%clk 0:41:55]} 28... Qa5 {[%clk
0:51:46]} 29. Rf7 {[%clk 0:41:57]} 29... Qd2+ {[%clk 0:50:54]} 30. Kh3 {[%clk
0:41:07]} 30... Qg5 {[%clk 0:47:53]} 31. Rxb7 {[%clk 0:40:42]} 31... Kh7 {[%clk
0:44:26]} 32. Rxa7 {[%clk 0:37:37]} 32... Kh8 {[%clk 0:39:37]} 33. Bb2 {[%clk
0:36:17]} 33... Rb8 {[%clk 0:39:22]} 34. Bc3 {[%clk 0:34:50]} 34... Rb1 {[%clk
0:38:56]} 35. Re8+ {[%clk 0:31:45]} 35... Kh7 {[%clk 0:38:46]} 36. Bxg7 {[%clk
0:31:59]} 36... Qh5+ {[%clk 0:35:36]} 37. Kg3 {[%clk 0:30:30]} 37... Qxe8
{[%clk 0:35:04]} 38. Bc3+ {[%clk 0:27:51]} 38... Kg6 {[%clk 0:33:40] } 39. Rg7+
{[%clk 0:26:30]} 39... Kf5 {[%clk 0:31:47]} 40. Kh4 {[%clk 0:22:44]} 40... Qxa4
{[%clk 0:29:13]} 41. Kh5 {[%clk 0:22:15]} 41... Rh1 {[%clk 0:28:19]} 42. Rf7#
1-0

[Event "DEM U10w 2018"]
[Site "Willingen GER"]
[Date "2018.05.21"]
[Round "3"]
[White "Bako, Evelin"]
[Black "Sickmann, Lisa"]
[Result "0-1"]
[Termination "normal"]
[Board "10"]
[WhiteElo "971"]
[BlackElo "1119"]
[PlyCount "58"]
[WhiteFideId "16271823"]
[BlackFideId "16267818"]
[EventCountry "GER"]
[EventRounds "11"]
[EventType "swiss"]
[EventDate "2018.05.19"]

1. d4 d5 2. Bf4 Nf6 3. e3 Bf5 4. Nf3 Nc6 5. Bb5 Bd7 6. Nc3 e6 7. Ne5 Nxe5 8.
Bxd7+ Nexd7 9. Nb5 Bb4+ 10. c3 Ba5 11. b4 Bb6 12. a4 a6 13. Na3 O-O 14. O-O Ne4
15. f3 Nd6 16. Bg5 c6 17. e4 Qc7 18. e5 Ne8 19. Be7 Nxe5 20. Bxf8 Kxf8 21. Kh1
Ng6 22. Nc2 Ba7 23. Ne3 Bb8 24. g3 h5 25. Rf2 Nf6 26. h4 Qxg3 27. Raa2 Qxh4+
28. Kg1 Nf4 29. Kf1 Qh1# 0-1

[Event "DEM U10w 2018"]
[Site "Willingen GER"]
[Date "2018.05.21"]
[Round "3"]
[White "Loos, Tilda"]
[Black "Schupfer, Victoria"]
[Result "1-0"]
[Termination "normal"]
[Board "11"]
[WhiteElo "1091"]
[BlackElo "958"]
[PlyCount "109"]
[WhiteFideId "34620559"]
[EventCountry "GER"]
[EventRounds "11"]
[EventType "swiss"]
[EventDate "2018.05.19"]

1. e4 e5 2. Nf3 Nc6 3. Bc4 Nf6 4. Ng5 d5 5. exd5 Nxd5 6. Nxf7 Kxf7 7. Qf3+ Ke8
8. Bxd5 Qe7 9. O-O Be6 10. Bxc6+ bxc6 11. Qxc6+ Kf7 12. Qxa8 Qg5 13. d4 Qf5 14.
Nc3 exd4 15. Nb5 Bd5 16. Qb8 Qe4 17. f3 Qxc2 18. Qxc7+ Qxc7 19. Nxc7 Bc6 20.
Bf4 Bc5 21. Kh1 Rc8 22. Rad1 Kg8 23. Na6 Bb6 24. Rfe1 h6 25. Nb8 Bb5 26. Re7 d3
27. a4 Bc4 28. b3 Bxb3 29. Rxd3 Bxa4 30. h4 Bb5 31. Rb3 Ba4 32. Rd3 Bc2 33. Rd6
Bc5 34. Red7 Bf5 35. Rd8+ Rxd8 36. Rxd8+ Kh7 37. g4 Bb1 38. h5 a5 39. g5 a4 40.
g6+ Bxg6 41. hxg6+ Kxg6 42. Be5 a3 43. f4 a2 44. Nd7 Be7 45. Ra8 Bh4 46. Rxa2
Kh7 47. Rg2 Be7 48. Rxg7+ Kh8 49. Rxe7+ Kg8 50. f5 h5 51. f6 h4 52. f7+ Kh7 53.
f8=Q+ Kg6 54. Rg7+ Kh5 55. Qh8# 1-0

[Event "DEM U10w 2018"]
[Site "Willingen GER"]
[Date "2018.05.21"]
[Round "3"]
[White "Scheerer, Amelie"]
[Black "Hoffmann, Sophia"]
[Result "1-0"]
[Termination "normal"]
[Board "12"]
[WhiteElo "957"]
[BlackElo "1072"]
[PlyCount "55"]
[WhiteFideId "16275772"]
[BlackFideId "16259130"]
[EventCountry "GER"]
[EventRounds "11"]
[EventType "swiss"]
[EventDate "2018.05.19"]

1. e4 e5 2. Nf3 Nc6 3. Bc4 Bc5 4. c3 Nf6 5. d4 Bb6 6. d5 Ne7 7. Nxe5 Ng6 8. Bg5
Nxe5 9. Nd2 Nxc4 10. Nxc4 Bc5 11. e5 h6 12. exf6 hxg5 13. fxg7 Rg8 14. Qe2+ Be7
15. O-O Rxg7 16. Rfe1 d6 17. Rad1 Bf5 18. Rd4 f6 19. Qh5+ Rg6 20. Qh8+ Kd7 21.
Qh7 Qe8 22. g4 Bxg4 23. Rxg4 f5 24. Rd4 Rc8 25. Ne3 c6 26. Nxf5 Rf6 27. Nxe7
Qxe7 28. Qxe7# 1-0

[Event "DEM U10w 2018"]
[Site "Willingen GER"]
[Date "2018.05.21"]
[Round "3"]
[White "Schwenke, Mia"]
[Black "Fischer, Juliane"]
[Result "1-0"]
[Termination "normal"]
[Board "13"]
[WhiteElo "1062"]
[BlackElo "929"]
[PlyCount "43"]
[WhiteFideId "16263332"]
[BlackFideId "16290135"]
[EventCountry "GER"]
[EventRounds "11"]
[EventType "swiss"]
[EventDate "2018.05.19"]

1. e4 e5 2. Nf3 Nc6 3. Bc4 Bc5 4. c3 Nf6 5. d4 exd4 6. cxd4 Bb4+ 7. Bd2 Bxd2+
8. Nbxd2 d5 9. exd5 Nxd5 10. O-O O-O 11. Qb3 Na5 12. Qd3 Be6 13. Bxd5 Qxd5 14.
b4 Nc6 15. a3 a6 16. Rae1 Ne7 17. Re5 Qc6 18. Ng5 Ng6 19. d5 Qd6 20. Rfe1 f6
21. Rxe6 Nf4 22. Qxh7# 1-0

[Event "DEM U10w 2018"]
[Site "Willingen GER"]
[Date "2018.05.21"]
[Round "3"]
[White "Chassard, Cecilia"]
[Black "Praus, Pia-Rosa"]
[Result "0-1"]
[Termination "normal"]
[Board "14"]
[WhiteElo "821"]
[BlackElo "1055"]
[PlyCount "78"]
[WhiteFideId "16271831"]
[BlackFideId "16271815"]
[EventCountry "GER"]
[EventRounds "11"]
[EventType "swiss"]
[EventDate "2018.05.19"]

1. e4 d5 2. Nc3 d4 3. Nd5 e6 4. Nf4 e5 5. Nd3 Nc6 6. Nf3 Bg4 7. h3 Bxf3 8. Qxf3
Nf6 9. Be2 Be7 10. Qg3 g6 11. Qh2 Bd6 12. g3 Nxe4 13. Bf3 Nf6 14. b3 e4 15. Be2
exd3 16. Bxd3 Qe7+ 17. Be2 O-O-O 18. Bb2 Rde8 19. f4 Nb4 20. Rc1 d3 21. O-O
dxe2 22. Rfe1 Nxa2 23. Ra1 Nb4 24. Rxa7 Bc5+ 25. d4 Bxa7 26. Kh1 Nxc2 27. Bc3
Nxe1 28. Bxe1 Qe4+ 29. Qg2 Qxg2+ 30. Kxg2 Bxd4 31. b4 Bc3 32. Bxc3 e1=Q 33.
Bxe1 Rxe1 34. Kf2 Rb1 35. b5 Rb3 36. b6 Rd8 37. bxc7 Rd2+ 38. Ke1 Ra2 39. Kd1
Rb1# 0-1

[Event "DEM U10w 2018"]
[Site "Willingen GER"]
[Date "2018.05.21"]
[Round "3"]
[White "Wilmink, Anna"]
[Black "Petrosyan, Ani"]
[Result "0-1"]
[Termination "normal"]
[Board "15"]
[WhiteElo "1137"]
[BlackElo "1331"]
[PlyCount "86"]
[WhiteFideId "16273680"]
[BlackFideId "16248015"]
[EventCountry "GER"]
[EventRounds "11"]
[EventType "swiss"]
[EventDate "2018.05.19"]

1. e4 c6 2. Nf3 d5 3. exd5 cxd5 4. Ne5 Nf6 5. d4 Bf5 6. c3 e6 7. Nd2 Bd6 8. f4
O-O 9. Be2 Ne4 10. Ndf3 f6 11. g4 fxe5 12. gxf5 Rxf5 13. fxe5 Be7 14. Qd3 Bh4+
15. Kf1 Nc6 16. Qe3 Qe7 17. Rg1 Qf7 18. Kg2 Bf2 19. Qd3 Bxg1 20. Kxg1 Qg6+ 21.
Kf1 Raf8 22. Ke1 Qg2 23. Be3 Qh1+ 24. Ng1 Qxh2 25. Kd1 Nf2+ 26. Bxf2 Rxf2 27.
Kd2 Rf1 28. Rxf1 Rxf1 29. Nf3 Qf4+ 30. Kc2 Rh1 31. Qb5 h5 32. Qxb7 Rc1+ 33. Kb3
Na5+ 34. Ka4 Nxb7 35. b4 Rxc3 36. Kb5 Qc1 37. Ka6 Qa3+ 38. Kb5 a6+ 39. Kb6
Qxb4+ 40. Ka7 Na5 41. Bxa6 Rc7+ 42. Ka8 Qf8+ 43. Bc8 Qxc8# 0-1

[Event "DEM U10w 2018"]
[Site "Willingen GER"]
[Date "2018.05.21"]
[Round "3"]
[White "Bangiev, Katharina"]
[Black "Klonov, Sofia"]
[Result "0-1"]
[Termination "normal"]
[Board "16"]
[WhiteElo "1009"]
[BlackElo "1028"]
[PlyCount "48"]
[WhiteFideId "16267230"]
[BlackFideId "16226240"]
[EventCountry "GER"]
[EventRounds "11"]
[EventType "swiss"]
[EventDate "2018.05.19"]

1. e4 c5 2. Nf3 Nc6 3. Bb5 g6 4. Nc3 Bg7 5. Bxc6 bxc6 6. d3 d5 7. Be3 d4 8. Bf4
dxc3 9. bxc3 Bxc3+ 10. Kf1 Bxa1 11. Qxa1 f6 12. Be3 Rb8 13. Bxc5 Rb7 14. Nd4
Bd7 15. Ke2 e5 16. Nf3 Qa5 17. Be3 Ne7 18. Nd2 Qb5 19. Rb1 Qa6 20. Rxb7 Qxb7
21. Nc4 O-O 22. Bh6 Rb8 23. Nd2 Qb2 24. Qxb2 Rxb2 0-1

[Event "DEM U10w 2018"]
[Site "Willingen GER"]
[Date "2018.05.21"]
[Round "3"]
[White "Hengst, Sarah"]
[Black "Scherer, Pia"]
[Result "1-0"]
[Termination "normal"]
[Board "18"]
[WhiteElo "878"]
[BlackElo "740"]
[PlyCount "37"]
[WhiteFideId "16286030"]
[EventCountry "GER"]
[EventRounds "11"]
[EventType "swiss"]
[EventDate "2018.05.19"]

1. e4 e5 2. Nf3 Nc6 3. Nc3 Nf6 4. d4 exd4 5. Nxd4 Nxd4 6. Qxd4 b6 7. Qe5+ Be7
8. Nb5 O-O 9. Nxc7 Rb8 10. Nd5 Ra8 11. Nxe7+ Kh8 12. Bg5 h6 13. Bxf6 gxf6 14.
Qxf6+ Kh7 15. Bd3 Rg8 16. e5+ Rg6 17. Bxg6+ fxg6 18. Qxg6+ Kh8 19. Qxh6# 1-0

[Event "DEM U10w 2018"]
[Site "Willingen GER"]
[Date "2018.05.22"]
[Round "5"]
[White "Trunz, Michelle"]
[Black "Stepanjan, Marianne"]
[Result "0-1"]
[Termination "normal"]
[Board "1"]
[WhiteElo "1312"]
[BlackElo "1246"]
[WhiteClock "01:06:57"]
[BlackClock "00:26:40"]
[PlyCount "108"]
[WhiteFideId "16227980"]
[BlackFideId "16246110"]
[EventCountry "GER"]
[EventRounds "11"]
[EventType "swiss"]
[EventDate "2018.05.19"]

1. e4 {[%clk 1:15:59]} 1... c5 {[%clk 1:15:51]} 2. Nc3 {[%clk 1:16:22]} 2... d6
{[%clk 1:16:10]} 3. f4 {[%clk 1:16:44]} 3... e6 {[%clk 1:16:08]} 4. Nf3 { [%clk
1:16:47]} 4... b6 {[%clk 1:14:53]} 5. Bb5+ {[%clk 1:16:44]} 5... Bd7 { [%clk
1:13:48]} 6. a4 {[%clk 1:16:23]} 6... a6 {[%clk 1:13:14]} 7. Bxd7+ { [%clk
1:16:40]} 7... Nxd7 {[%clk 1:11:29]} 8. O-O {[%clk 1:16:37]} 8... e5 { [%clk
1:05:17]} 9. d3 {[%clk 1:16:05]} 9... Ngf6 {[%clk 1:04:43]} 10. Qe1 { [%clk
1:16:05]} 10... Be7 {[%clk 0:59:47]} 11. Qg3 {[%clk 1:14:42]} 11... Nh5 { [%clk
0:57:45]} 12. Qf2 {[%clk 1:13:57]} 12... Nxf4 {[%clk 0:56:38]} 13. Bxf4 { [%clk
1:14:16]} 13... exf4 {[%clk 0:56:37]} 14. Nd5 {[%clk 1:14:31]} 14... Bf6 {[%clk
0:54:22]} 15. c3 {[%clk 1:14:18]} 15... g5 {[%clk 0:51:56]} 16. Rad1 { [%clk
1:13:26]} 16... Bg7 {[%clk 0:50:54]} 17. Rfe1 {[%clk 1:13:18]} 17... O-O {[%clk
0:49:36]} 18. Nd2 {[%clk 1:12:06]} 18... Nf6 {[%clk 0:46:43]} 19. Re2 { [%clk
1:10:46]} 19... b5 {[%clk 0:43:34]} 20. Ra1 {[%clk 1:09:59]} 20... Re8 { [%clk
0:38:01]} 21. axb5 {[%clk 1:09:25]} 21... Nxd5 {[%clk 0:37:15]} 22. exd5 {[%clk
1:09:44]} 22... axb5 {[%clk 0:36:44]} 23. Ree1 {[%clk 1:09:39]} 23... Rxa1
{[%clk 0:34:32]} 24. Rxa1 {[%clk 1:09:56]} 24... Qe7 {[%clk 0:34:02]} 25. Nf1
{[%clk 1:09:12]} 25... Qe2 {[%clk 0:32:41]} 26. Qxe2 {[%clk 1:08:35]} 26...
Rxe2 27. Ra8+ {[%clk 1:08:43]} 27... Bf8 {[%clk 0:33:22]} 28. Ra2 { [%clk
1:08:37]} 28... g4 {[%clk 0:32:36]} 29. h3 {[%clk 1:07:11]} 29... gxh3 { [%clk
0:32:09]} 30. gxh3 {[%clk 1:07:36]} 30... f3 {[%clk 0:30:38]} 31. h4 { [%clk
1:06:54]} 31... Bh6 {[%clk 0:30:32]} 32. Ra6 {[%clk 1:06:52]} 32... Rg2+ {[%clk
0:29:25]} 33. Kh1 {[%clk 1:06:55]} 33... Bf4 {[%clk 0:27:05]} 34. Ra2 { [%clk
1:06:45]} 34... Bc1 {[%clk 0:26:43]} 35. h5 {[%clk 1:06:08]} 35... Rxb2 { [%clk
0:26:45]} 36. Rxb2 {[%clk 1:06:13]} 36... Bxb2 {[%clk 0:27:08]} 37. c4 { [%clk
1:06:30]} 37... b4 {[%clk 0:27:08]} 38. Nd2 {[%clk 1:06:37]} 38... f2 { [%clk
0:27:23]} 39. Kg2 {[%clk 1:06:49]} 39... Bc3 {[%clk 0:26:36]} 40. Ne4 { [%clk
1:06:18]} 40... Be5 {[%clk 0:25:56]} 41. Kxf2 {[%clk 1:06:37]} 41... b3 { [%clk
0:25:54]} 42. Nd2 {[%clk 1:06:43]} 42... b2 {[%clk 0:26:02]} 43. Kf3 { [%clk
1:06:39]} 43... Kg7 {[%clk 0:26:14]} 44. Kg4 {[%clk 1:06:41]} 44... Kh6 { [%clk
0:25:58]} 45. Nb1 {[%clk 1:06:11]} 45... f6 {[%clk 0:25:54]} 46. Na3 { [%clk
1:06:03]} 46... f5+ {[%clk 0:25:53]} 47. Kxf5 {[%clk 1:06:09]} 47... Kxh5
{[%clk 0:26:10]} 48. Ke4 {[%clk 1:06:33]} 48... Kg4 {[%clk 0:26:00]} 49. Ke3 {
[%clk 1:06:46]} 49... Kg3 {[%clk 0:26:08]} 50. Ke2 {[%clk 1:06:58]} 50... Kg2 {
[%clk 0:26:14]} 51. Ke3 {[%clk 1:06:55]} 51... h5 {[%clk 0:26:20]} 52. Ke4 {
[%clk 1:07:09]} 52... h4 {[%clk 0:26:16]} 53. Kf5 {[%clk 1:07:25]} 53... h3 {
[%clk 0:26:40]} 54. Ke4 {[%clk 1:06:57]} 54... h2 0-1

[Event "DEM U10w 2018"]
[Site "Willingen GER"]
[Date "2018.05.22"]
[Round "5"]
[White "Bräutigam, Katerina"]
[Black "Mirnaya, Veronika"]
[Result "1-0"]
[Termination "normal"]
[Board "2"]
[WhiteElo "1728"]
[BlackElo "1036"]
[WhiteClock "00:01:21"]
[BlackClock "00:30:48"]
[PlyCount "85"]
[WhiteFideId "16242980"]
[BlackFideId "16277406"]
[EventCountry "GER"]
[EventRounds "11"]
[EventType "swiss"]
[EventDate "2018.05.19"]

1. c4 {[%clk 1:15:59]} 1... e5 {[%clk 1:15:50]} 2. Nc3 {[%clk 1:16:25]} 2...
Nc6 {[%clk 1:16:08]} 3. g3 {[%clk 1:16:19]} 3... Nf6 {[%clk 1:16:04]} 4. Bg2 {
[%clk 1:16:12]} 4... Bc5 {[%clk 1:15:45]} 5. e4 {[%clk 1:15:53]} 5... d6 {
[%clk 1:15:50]} 6. h3 {[%clk 1:15:44]} 6... Be6 {[%clk 1:15:43]} 7. d3 { [%clk
1:15:12]} 7... h6 {[%clk 1:15:44]} 8. Nge2 {[%clk 1:15:23]} 8... O-O { [%clk
1:15:41]} 9. O-O {[%clk 1:15:41]} 9... Nd4 {[%clk 1:15:15]} 10. Kh2 { [%clk
1:14:28]} 10... c6 {[%clk 1:14:28]} 11. f4 {[%clk 1:07:31]} 11... Qe7 { [%clk
1:11:51]} 12. a3 {[%clk 1:01:51]} 12... a5 {[%clk 1:11:34]} 13. Rb1 { [%clk
0:59:42]} 13... Nxe2 {[%clk 1:06:43]} 14. Qxe2 {[%clk 0:54:55]} 14... Ba7
{[%clk 1:06:31]} 15. Be3 {[%clk 0:53:35]} 15... Rfd8 {[%clk 1:05:54]} 16. Qf2 {
[%clk 0:49:03]} 16... Bxe3 {[%clk 1:04:22]} 17. Qxe3 {[%clk 0:49:08]} 17... Qc7
{[%clk 0:56:28]} 18. b3 {[%clk 0:41:31]} 18... Re8 {[%clk 0:51:30]} 19. d4 {
[%clk 0:38:20]} 19... b6 {[%clk 0:49:54]} 20. Rfc1 {[%clk 0:29:32]} 20... Rad8
{[%clk 0:47:01]} 21. dxe5 {[%clk 0:22:27]} 21... dxe5 {[%clk 0:47:19]} 22. fxe5
{[%clk 0:22:21]} 22... Qxe5 {[%clk 0:47:41]} 23. Rd1 {[%clk 0:18:38]} 23... Qh5
{[%clk 0:46:22]} 24. Qxb6 {[%clk 0:14:43]} 24... Rc8 {[%clk 0:44:26]} 25. Rd3 {
[%clk 0:11:53]} 25... Nd7 {[%clk 0:41:23]} 26. Qg1 {[%clk 0:08:04]} 26... Nf6 {
[%clk 0:40:32]} 27. Qd1 {[%clk 0:06:56]} 27... Qg6 {[%clk 0:39:43]} 28. Qf3 {
[%clk 0:05:28]} 28... Nd7 {[%clk 0:38:44]} 29. Qd1 {[%clk 0:04:07]} 29... Ne5 {
[%clk 0:38:53]} 30. Rd6 {[%clk 0:04:11]} 30... Qg5 {[%clk 0:37:10]} 31. Ne2 {
[%clk 0:03:51]} 31... Red8 {[%clk 0:37:12]} 32. Nf4 {[%clk 0:03:13]} 32... Qe7
{[%clk 0:35:36]} 33. Rd2 {[%clk 0:03:08]} 33... Rxd2 {[%clk 0:34:49]} 34. Qxd2
{[%clk 0:03:33]} 34... Qxa3 {[%clk 0:35:01]} 35. Nxe6 {[%clk 0:03:21]} 35...
fxe6 {[%clk 0:35:18]} 36. Qd4 {[%clk 0:03:10]} 36... Nf7 {[%clk 0:35:34]} 37.
Qd7 {[%clk 0:03:03]} 37... Rd8 {[%clk 0:35:04]} 38. Qxe6 {[%clk 0:02:33]} 38...
Rf8 {[%clk 0:31:49]} 39. e5 {[%clk 0:01:44]} 39... Kh8 {[%clk 0:30:50]} 40. Rf1
{[%clk 0:01:19]} 40... Ng5 {[%clk 0:30:45]} 41. Rxf8+ {[%clk 0:01:18]} 41...
Qxf8 {[%clk 0:31:07]} 42. Qxc6 {[%clk 0:01:21]} 42... Qf5 {[%clk 0:30:48]} 43.
Qa8+ 1-0

[Event "DEM U10w 2018"]
[Site "Willingen GER"]
[Date "2018.05.22"]
[Round "5"]
[White "Oellrich, Emma"]
[Black "Peglau, Charis"]
[Result "0-1"]
[Termination "normal"]
[Board "3"]
[WhiteElo "1162"]
[BlackElo "1324"]
[WhiteClock "00:53:53"]
[BlackClock "01:05:39"]
[PlyCount "50"]
[WhiteFideId "16268806"]
[BlackFideId "16219996"]
[EventCountry "GER"]
[EventRounds "11"]
[EventType "swiss"]
[EventDate "2018.05.19"]

1. e4 {[%clk 1:15:57]} 1... c5 {[%clk 1:15:54]} 2. Nc3 {[%clk 1:16:19]} 2...
Nc6 {[%clk 1:16:09]} 3. Bb5 {[%clk 1:16:42]} 3... g6 {[%clk 1:16:03]} 4. Bxc6 {
[%clk 1:16:38]} 4... bxc6 {[%clk 1:16:22]} 5. f4 {[%clk 1:16:41]} 5... Bg7 {
[%clk 1:11:42]} 6. Nf3 {[%clk 1:16:59]} 6... d5 {[%clk 1:11:42]} 7. O-O { [%clk
1:15:59]} 7... Ba6 {[%clk 1:09:29]} 8. Re1 {[%clk 1:16:07]} 8... e6 { [%clk
1:09:20]} 9. d3 {[%clk 1:15:15]} 9... Ne7 {[%clk 1:09:39]} 10. Ne2 { [%clk
1:11:18]} 10... dxe4 {[%clk 1:08:56]} 11. dxe4 {[%clk 1:11:29]} 11... Qxd1
{[%clk 1:09:17]} 12. Rxd1 {[%clk 1:11:46]} 12... Bxe2 {[%clk 1:09:41]} 13. Re1
{[%clk 1:11:24]} 13... Bxf3 {[%clk 1:09:51]} 14. gxf3 {[%clk 1:11:41]} 14...
O-O {[%clk 1:09:45]} 15. Rb1 {[%clk 1:09:02]} 15... Rab8 {[%clk 1:09:51]} 16.
Kf2 {[%clk 1:08:57]} 16... Bf6 {[%clk 1:07:30]} 17. Ke2 {[%clk 1:08:57]} 17...
Rfd8 {[%clk 1:07:19]} 18. e5 {[%clk 1:08:39]} 18... Bg7 {[%clk 1:07:23]} 19.
Bd2 {[%clk 1:08:25]} 19... Nf5 {[%clk 1:06:40]} 20. Kd1 {[%clk 1:08:21]} 20...
Bh6 {[%clk 1:05:23]} 21. Kc1 {[%clk 1:06:59]} 21... Nd4 {[%clk 1:05:27]} 22.
Rf1 {[%clk 1:02:30]} 22... Ne2+ {[%clk 1:05:44]} 23. Kd1 {[%clk 1:02:17]} 23...
Nxf4 {[%clk 1:06:11]} 24. Rf2 {[%clk 0:54:44]} 24... Nh3 {[%clk 1:05:39]} 25.
Rg2 {[%clk 0:53:53]} 25... Rd5 0-1